000 01125cam a22002055a 4500
001 L138660
008 070629s2006 xxkd f s 000 0 eng d
035 _a(Sirsi) u138660
041 0 _aeng
050 0 4 _a306.1 $2 18
110 2 _aPriceWaterhouseCoopers
_93793
245 0 0 _aGlobal investment management survey 2006
_bshaping the future
_bconnected thinking
260 _aLondon
_bPWC
_c2007
300 _a28p.
_c30cm.
520 _aReports on the survey which canvassed a range of 81 investment management organisations from around the world on six broad topics: Chief Executives' views; distribution and products; investment process; operation management; finance function and management information; and governance, risk and compliance. Major headlines were that Chief Executives were more optimistic about their businesses, talent is in demand, distribution strategies are unclear, outsourcing and offshoring are on the increase and the burden of compliance is rising.
590 _aKA
651 4 _aInternational
690 _aPROPERTY-COMMERCIAL PROPERTY-COMMERCIAL PROPERTY FINANCE AND INVESTMENT
942 _n0
999 _c107218
_d107218